[Event "6th ch-EURw"]
[Site "Chisinau MDA"]
[Date "2005.06.12"]
[Round "2"]
[White "Dembo,Y"]
[Black "Gvetadze,S"]
[Result "1/2-1/2"]
[WhiteElo "2402"]
[BlackElo "2283"]

1.e4 d5 2.exd5 Qxd5 3.Nc3 Qd6 4.d4 Nf6 5.Nf3 a6 6.h3 e6 7.Bd3 Be7 8.O-O O-O
9.Bg5 Nbd7 10.Qd2 c5 11.Bf4 Qb6 12.Be5 cxd4 13.Bxd4 Qc7 14.Rfe1 Bc5 15.Bxf6 Nxf6
16.Ne4 Nxe4 17.Rxe4 Be7 18.Rc4 Qb8 19.Re1 b5 20.Rd4 Bb7 21.Rd7 Bxf3 22.Rxe7 Bd5
23.Qb4 Qd8 24.a3 Rc8 25.Ra7 Qb6 26.Qe7 Qc6 27.Qh4 g6 28.Qg5 Qb6 29.Qe3 Qc6
30.f3 Rfe8 31.a4 e5 32.a5 Re6 33.Kh1 Rce8 34.Be4 Bxe4 35.Qxe4 Qd6 36.Qb7 R8e7
37.Qc8+ Kg7 38.Rxe7 Qxe7 39.Qc3 Qd6 40.Re3 b4 41.Qc4 Qd2 42.Rb3 Rd6 43.Qe4 Rd5
44.Rxb4 Rxa5 45.Rb7 Rc5 46.c3 a5 47.Kh2 Qd6 48.Ra7 Rd5 49.Ra6 Qd8 50.c4 Rc5
51.b3 Qg5 52.Ra7 h5 53.h4 Qf6 54.Rd7 Qb6 55.Rd5 Rxd5 56.Qxd5 Qxb3 57.Qxe5+ Kf8
58.c5 Qe6 59.Qc3 a4 60.c6 Qd6+ 61.g3 Qc7 62.Qb4+ Qe7 63.Qb8+ Kg7 64.Qb2+ Kh7
65.Qc2 a3 66.c7 a2  1/2-1/2

[Event "III Open"]
[Site "Bajada de la Virgen ESP"]
[Date "2005.06.14"]
[Round "3"]
[White "Djingarova,E"]
[Black "Kurajica,B"]
[Result "0-1"]
[WhiteElo "2290"]
[BlackElo "2539"]

1.e4 d5 2.exd5 Qxd5 3.Nc3 Qd6 4.d4 g6 5.Nf3 Bg7 6.Nb5 Qb6 7.Bf4 Na6 8.a4 Bg4
9.Bc4 c6 10.a5 Qd8 11.Nc3 Nb4 12.O-O Qd7 13.d5 Qf5 14.dxc6 Qxf4 15.cxb7 Rb8
16.Bb5+ Kf8 17.Ra4 Bxf3 18.Qxf3 Qxf3 19.gxf3 Rxb7 20.Rxb4 a6 21.Rc4 Bxc3
22.Bc6 Rxb2 23.Rxc3 Nf6 24.Re1 e6 25.Ba4 Ra2 26.Rc4 Kg7 27.Rb1 Rd8 28.Rb6 Rd1+
29.Kg2 Rda1 30.Bb3 Rxa5 31.f4 Rf5 32.Rc7 Nh5 33.Kf3 Nxf4 34.Ke3 a5 35.Kd2 Rf1
36.Ra6 Rxf2+  0-1

[Event "6th ch-EURw"]
[Site "Chisinau MDA"]
[Date "2005.06.15"]
[Round "5"]
[White "Zdebskaja,N"]
[Black "Gheorghe,C"]
[Result "1-0"]
[WhiteElo "2344"]
[BlackElo "2234"]

1.e4 d5 2.exd5 Qxd5 3.Nc3 Qd6 4.d4 c6 5.Nf3 Bg4 6.Be3 Nf6 7.h3 Bxf3 8.Qxf3 e6
9.O-O-O Nbd7 10.Bf4 Qb4 11.Bc7 Nb6 12.a3 Qe7 13.Be5 O-O-O 14.Kb1 Rd7 15.g4 Qd8
16.g5 Ne8 17.Ne4 h6 18.h4 hxg5 19.Nxg5 Qe7 20.Bg3 Qf6 21.Qg4 Qd8 22.Bh3 Nc7
23.Rhe1 Nbd5 24.c4 Nf6 25.Qf3 Qe7 26.Qe3 Kb8 27.f3 Ka8 28.Bf2 b6 29.f4 g6
30.Bg2 Kb7 31.Qf3 Qd6 32.f5 Nh5 33.fxg6 fxg6 34.Nf7  1-0

[Event "6th ch-EURw"]
[Site "Chisinau MDA"]
[Date "2005.06.15"]
[Round "5"]
[White "Gvetadze,S"]
[Black "Chelushkina,I"]
[Result "1/2-1/2"]
[WhiteElo "2283"]
[BlackElo "2369"]

1.e4 d5 2.exd5 Qxd5 3.Nc3 Qd8 4.d4 Nf6 5.Bc4 c6 6.Nf3 e6 7.O-O Be7 8.Bg5 Nbd7
9.Qe2 h6 10.Bh4 Nb6 11.Bb3 a5 12.a3 a4 13.Ba2 Nbd5 14.Nxd5 cxd5 15.c4 O-O
16.Rfd1 Re8 17.Ne5 Nh7 18.Bg3 Nf6 19.Rac1 dxc4 20.Bxc4 Rf8 21.Bb5 Nd5 22.Rc4 f5
23.f4 Nb6 24.Rc3 Bf6 25.Rc2 Nd5 26.Ng6 Rf7 27.Bc4 Bd7 28.Bf2 Qb8 29.Bxd5 exd5
30.Ne5 Re7 31.Qd3 Be6 32.Rdc1 Qe8 33.Qc3 Qb5 34.Qd2 Qb6 35.Qd3 Ree8 36.Re2 Rac8
37.Rce1 Qb3 38.Qd2 Bxe5 39.fxe5 Re7 40.Re3 Qb5 41.Rg3 Kf8 42.Be3 Rf7  1/2-1/2

[Event "6th ch-EURw"]
[Site "Chisinau MDA"]
[Date "2005.06.16"]
[Round "6"]
[White "Muzychuk,A"]
[Black "Laesson,T"]
[Result "1-0"]
[WhiteElo "2363"]
[BlackElo "2246"]

1.e4 d5 2.exd5 Qxd5 3.Nc3 Qd6 4.d4 Nf6 5.Nf3 a6 6.Bg5 Bg4 7.h3 Bh5 8.g4 Bg6
9.Qe2 Nc6 10.O-O-O Nb4 11.Bxf6 gxf6 12.Ne1 O-O-O 13.Bg2 Qf4+ 14.Kb1 e6 15.a3 Nd5
16.Bxd5 exd5 17.Ng2 Qd6 18.f4 f5 19.Ne3 f6 20.Ncxd5 c6 21.Nc4 Qxd5 22.Nb6+ Kb8
23.Nxd5 cxd5 24.Qd3 Bd6 25.gxf5 Bh5 26.Rde1 Bxf4 27.Re6 Rhg8 28.Rf1 Bc7 29.Rxf6 Rg3
30.Qe2 Rxh3 31.Rh6 Rh2 32.Qxh2 Bxh2 33.Rxh5  1-0

[Event "6th ch-EURw"]
[Site "Chisinau MDA"]
[Date "2005.06.16"]
[Round "6"]
[White "Pogonina,N"]
[Black "Koskoska,G"]
[Result "1/2-1/2"]
[WhiteElo "2355"]
[BlackElo "2230"]

1.e4 d5 2.exd5 Qxd5 3.Nc3 Qd8 4.d4 Nf6 5.h3 c6 6.Bc4 Bf5 7.Nf3 e6 8.O-O Nbd7
9.Bb3 Bd6 10.Nh4 Bg6 11.f4 Nd5 12.Nxg6 Nxc3 13.Qe1 hxg6 14.Qxc3 Nf6 15.Qf3 Bc7
16.c3 Qd6 17.Be3 Nd5 18.Bd2 Nf6 19.Rad1 O-O-O 20.Bc1 Bb6 21.a4 c5 22.Be3 cxd4
23.Bxd4 Bxd4+ 24.cxd4 Kb8 25.Rd3 Nd5  1/2-1/2

[Event "III Open"]
[Site "Bajada de la Virgen ESP"]
[Date "2005.06.17"]
[Round "7"]
[White "Gomez Gonzalez,J"]
[Black "Prats Rodriquez,J"]
[Result "0-1"]
[WhiteElo "2137"]
[BlackElo "2062"]

1.e4 d5 2.exd5 Qxd5 3.Nc3 Qd8 4.Nf3 g6 5.d3 Bg7 6.Be2 Nh6 7.Be3 Nf5 8.O-O O-O
9.Qd2 Nxe3 10.fxe3 c5 11.e4 Nc6 12.Qg5 b6 13.Qh4 Nd4 14.Ng5 h6 15.Nf3 Nxc2
16.Rac1 Nd4 17.Nxd4 Qxd4+ 18.Kh1 e6 19.Qg3 Ba6 20.Rf3 Rad8 21.Qc7 Qd7 22.Qxd7 Rxd7
23.Nd1 Rfd8 24.Nf2 c4 25.dxc4 Rd2 26.Rd3 R8xd3 27.Bxd3 Rxf2 28.b3 Rxa2 29.b4 Ra1  0-1

[Event "6th ch-EURw"]
[Site "Chisinau MDA"]
[Date "2005.06.21"]
[Round "10"]
[White "Voicu,C"]
[Black "Koskoska,G"]
[Result "0-1"]
[WhiteElo "2310"]
[BlackElo "2230"]

1.e4 d5 2.exd5 Qxd5 3.Nc3 Qd8 4.d4 c6 5.Bc4 Bf5 6.g4 Bg6 7.f4 e6 8.Nf3 Be7
9.O-O Nd7 10.Qe2 Qb6 11.a4 a5 12.Be3 Ngf6 13.h3 O-O-O 14.Bf2 Qc7 15.Kg2 Nb6
16.Ne5 Nxc4 17.Nxc4 Nd5 18.Bg3 Nxc3 19.bxc3 Bd6 20.Rf3 h6 21.Nxd6+ Rxd6 22.f5 exf5
23.Qe5 fxg4 24.hxg4 Rhd8 25.c4 f6 26.Qe3 Re8 27.Qxe8+ Bxe8 28.c5 Qd7 29.Bxd6 Qxg4+
30.Bg3 Qxd4 31.Re1 Bh5 32.Rd3 Qxa4 33.Rd2 Qb4 34.Rd6 Qxc5 35.Re7 Qxc2+ 36.Kh3 Qf5+
37.Kh2 Qc2+ 38.Kh3 Bg6 39.Rxg7 Bf5+ 40.Kh4 Qe4+ 41.Kh5 Qf3+ 42.Kxh6 Qh1+  0-1

[Event "zt 4.1"]
[Site "Taza MAR"]
[Date "2005.06.21"]
[Round "1"]
[White "Gueroui,N"]
[Black "Chahrani,I"]
[Result "0-1"]
[WhiteElo "2200"]
[BlackElo "2329"]

1.e4 d5 2.exd5 Qxd5 3.Nc3 Qd6 4.d4 Nf6 5.Nf3 Bg4 6.Be2 c6 7.h3 Bxf3 8.Bxf3 e6
9.O-O Nbd7 10.Be3 Qc7 11.Ne4 Nxe4 12.Bxe4 Nf6 13.Bd3 Bd6 14.c3 O-O 15.Bg5 Nd5
16.Qc2 h6 17.Bd2 Rad8 18.Bc4 Bf4 19.Bxd5 Rxd5 20.Bxf4 Qxf4 21.Rfe1 Rfd8 22.Re4 Qf5
23.Re2 Qf4 24.Qe4 Qd6 25.Rae1 b6 26.Qf3 c5 27.dxc5 Qxc5 28.Qf4 Qc6 29.Re3 Rd2
30.R3e2 Rxe2 31.Rxe2 Qd5 32.Qa4 Qd1+ 33.Qxd1 Rxd1+ 34.Kh2 Kf8 35.Rc2 Ke7
36.Kg3 Kd6 37.Kf3 e5 38.Ke2 Rg1 39.Rd2+ Ke6 40.g3 g5 41.Rd1 Rxd1 42.Kxd1 Kd5
43.Kd2 f5 44.b3 Ke4 45.Ke2 g4 46.hxg4 fxg4 47.Kd2 Kf3 48.Ke1 e4 49.Kf1 e3
50.fxe3 Kxe3 51.c4 Kd3 52.Ke1 a5 53.Kd1 Kc3  0-1

[Event "Open"]
[Site "Salsomaggiore ITA"]
[Date "2005.06.22"]
[Round "6"]
[White "Roberti,I"]
[Black "Barlocco,C"]
[Result "0-1"]
[WhiteElo "1954"]
[BlackElo "2195"]

1.e4 d5 2.exd5 Qxd5 3.Nc3 Qd8 4.Nf3 g6 5.Bc4 Bg7 6.d3 Nh6 7.O-O O-O 8.Bg5 Nc6
9.h3 Nf5 10.a4 Ncd4 11.Nxd4 Nxd4 12.Nd5 Re8 13.c3 Ne6 14.Bh4 c6 15.Ne3 Qb6
16.Qc2 Nf8 17.a5 Qc5 18.d4 Qh5 19.Qe4 Bf5 20.Nxf5 gxf5 21.Be2 Qh6 22.Qxf5 Qxh4
23.Bf3 e5 24.a6 e4 25.axb7 Rab8 26.Rfe1 exf3 27.Rxe8 Rxe8 28.Qc8 Qd8 29.Qxc6 Qb8
30.Qxf3 Re7 31.Rd1 Rxb7 32.b4 Qc8 33.Ra1 Rc7 34.Ra3 Rc4 35.Rxa7 Qe8 36.h4 Rc8
37.b5 Rb8 38.h5 Rxb5 39.g4 h6 40.Qf4 Ne6 41.Qf3 Rb8 42.d5 Ng5 43.Qg2 Rb1+
44.Kh2 Be5+  0-1

[Event "6th ch-EURw"]
[Site "Chisinau MDA"]
[Date "2005.06.23"]
[Round "12"]
[White "Muzychuk,A"]
[Black "Koskoska,G"]
[Result "1-0"]
[WhiteElo "2363"]
[BlackElo "2230"]

1.e4 d5 2.exd5 Qxd5 3.Nc3 Qd8 4.Bc4 Nf6 5.Nf3 Bf5 6.Ne5 e6 7.Qf3 c6 8.Nxf7 Qd4
9.Bxe6 Bxe6 10.Nxh8 Nbd7 11.Ne2 Qd6 12.O-O O-O-O 13.Nf4 g5 14.Nxe6 Qxe6 15.Qe3 Qg8
16.Qxa7 Qxh8 17.Qa8+ Nb8 18.d4 h6 19.Qa5 Qh7 20.f4 g4 21.f5 Bd6 22.Qe1 Re8
23.Qh4 Nbd7 24.Qxh6 Qxh6 25.Bxh6 Bxh2+ 26.Kxh2 Rh8 27.Rh1 Rxh6+ 28.Kg3 Rxh1
29.Rxh1 Kc7 30.Kf4 Nd5+ 31.Kxg4 N7f6+ 32.Kf3 b5 33.g4 Kd7 34.g5 Ng8 35.Re1 Nge7
36.Kg4 Ng8 37.a3 Nge7 38.c3 Ng8 39.c4 Nc7 40.f6 Ne6 41.f7  1-0

[Event "zt 4.1"]
[Site "Taza MAR"]
[Date "2005.06.24"]
[Round "6"]
[White "Adnani,M"]
[Black "Chahrani,I"]
[Result "1/2-1/2"]
[WhiteElo "2228"]
[BlackElo "2329"]

1.e4 d5 2.exd5 Qxd5 3.Nc3 Qd6 4.Nf3 Nf6 5.Bc4 c6 6.h3 Bf5 7.d3 e6 8.Qe2 Nbd7
9.Bd2 h6 10.Nh4 Bh7 11.f4 O-O-O 12.O-O-O Nb6 13.Bb3 Qc7 14.Nf3 Bd6 15.Ne5 Rhe8
16.Rde1 Nbd5 17.g3 Nxc3 18.Bxc3 Nd5 19.Bd2 Kb8 20.Qg4 f6 21.Nc4 Bf5 22.Qf3 Bc5
23.Re2 b5 24.Ba5 Bb6 25.Nxb6 axb6 26.Bd2 Qd7 27.Rhe1 Bh7 28.g4 Kb7 29.h4 Bg8
30.c4 Nc7 31.Be3 e5 32.Rd1 Ka7 33.c5 Nd5 34.cxb6+ Kb7 35.fxe5 Nxe3 36.Rxe3 Bxb3
37.axb3 Rxe5 38.Rxe5 fxe5 39.g5 hxg5 40.hxg5 Qe7 41.Qe3 Rd5 42.Rf1 e4 43.g6 Qc5+
44.Qxc5 Rxc5+ 45.Kd2 Rd5 46.Rf7+ Kxb6 47.Rxg7 Rxd3+ 48.Kc2 Kc5 49.Rf7 Rg3
50.Rf6 Rg2+ 51.Kd1 b4 52.Ke1 Kd5 53.Kf1 Rg5 54.Kf2 c5 55.Ke3 Rg3+ 56.Kf4 Rf3+
57.Kg5 Rg3+ 58.Kh4 Rg1 59.Rf5+ Ke6 60.Rg5 Rh1+ 61.Kg4 Rg1+ 62.Kf4 Rxg5 63.Kxg5 e3
64.Kh6 e2 65.g7 e1=Q 66.g8=Q+ Ke7 67.Qd5 Ke8 68.Qc6+ Kf7 69.Qxc5 Qe6+ 70.Kg5 Qxb3
71.Qf2+ Ke6 72.Qf6+ Kd7 73.Qg7+ Kd6 74.Qf6+ Kd7 75.Qg7+  1/2-1/2

[Event "6th EICC"]
[Site "Warsaw POL"]
[Date "2005.06.27"]
[Round "9"]
[White "Grigoriants,S RUS"]
[Black "Galego,L"]
[Result "0-1"]
[WhiteElo "2553"]
[BlackElo "2493"]

1.e4 d5 2.exd5 Qxd5 3.Nc3 Qd6 4.d4 a6 5.Nf3 Nf6 6.Be2 Nc6 7.Be3 Bg4 8.Qd2 e6
9.h3 Bh5 10.O-O-O O-O-O 11.Ne5 Bg6 12.h4 Nxe5 13.dxe5 Qxd2+ 14.Rxd2 Rxd2
15.Bxd2 Ne4 16.h5 Nxc3 17.Bxc3 Be4 18.Rh4 Bc6 19.Bb4 Bxb4 20.Rxb4 Kd7 21.Rg4 g6
22.g3 Ke7 23.c4 Rd8 24.Kc2 a5 25.Kc3 b6 26.b3 Bb7 27.Rf4 c5 28.Bd3 Bc6 29.Bc2 Rg8
30.h6 Rd8 31.a4 Rd7 32.Bd3 Rd8 33.Kd2 g5  0-1

[Event "zt 4.1"]
[Site "Taza MAR"]
[Date "2005.06.28"]
[Round "9"]
[White "Doghri,N"]
[Black "Chahrani,I"]
[Result "1-0"]
[WhiteElo "2338"]
[BlackElo "2329"]

1.e4 d5 2.exd5 Qxd5 3.Nc3 Qd6 4.d4 Nf6 5.Bg5 c6 6.Qd2 Bf5 7.O-O-O e6 8.Nf3 Qc7
9.a3 Bd6 10.Ne5 Nbd7 11.f4 b5 12.Bd3 O-O 13.Bxf5 exf5 14.Qd3 Ne4 15.Nxe4 fxe4
16.Qxe4 Rfe8 17.Qf5 Nb6 18.Rd3 Nd5 19.Rg3 Re6 20.Qh3 Rae8 21.Bh6 Rxh6 22.Qxh6 f6
23.Qh5 Re7 24.Rh3 h6 25.Ng6 b4 26.Nxe7+ Qxe7 27.Qf3 bxa3 28.bxa3 Nxf4 29.Qb3+ Kh8
30.Re3 Qd7 31.Rhe1 Nd5 32.Re8+ Kh7 33.g3 f5 34.R8e6 Nf6 35.Qf3 Kg6 36.g4 fxg4
37.Qxg4+ Kh7 38.Qf5+ Kg8 39.Re8+ Kf7 40.Qxd7+ Nxd7 41.Ra8 Bb8 42.Kd2 g5 43.h3 h5
44.Kd3 Kf6 45.Re8  1-0

[Event "6th EICC"]
[Site "Warsaw POL"]
[Date "2005.06.28"]
[Round "10"]
[White "Bednarek,S"]
[Black "Sergeev,Vl"]
[Result "1-0"]
[WhiteElo "2321"]
[BlackElo "2458"]

1.e4 d5 2.exd5 Qxd5 3.Nc3 Qd6 4.d4 Nf6 5.Bg5 a6 6.Qd2 b5 7.f3 Bb7 8.O-O-O Nbd7
9.Bf4 Qb6 10.Kb1 e6 11.Qe1 b4 12.Ne4 Nd5 13.Bc1 c5 14.dxc5 Nxc5 15.Bc4 O-O-O
16.Nh3 h6 17.Nf4 Nxe4 18.fxe4 Nxf4 19.Rxd8+ Qxd8 20.Bxf4 Bc5 21.Qe2 Qb6 22.Rf1 Re8
23.Qh5 g6 24.Qxh6 Bxe4 25.Qg7 Qb7 26.Bg3 Rd8 27.Qe5 Bb6 28.a4 b3 29.Bxb3 Bd4
30.Bxe6+ fxe6 31.Qxe6+ Qd7 32.Qxe4 Qb7 33.Qe6+  1-0

[Event "6th EICC"]
[Site "Warsaw POL"]
[Date "2005.06.29"]
[Round "11"]
[White "Kurnosov,I"]
[Black "Tzermiadianos,And"]
[Result "1-0"]
[WhiteElo "2550"]
[BlackElo "2453"]

1.e4 d5 2.exd5 Qxd5 3.Nc3 Qd6 4.d4 Nf6 5.Nf3 a6 6.g3 b5 7.Bg2 Bb7 8.O-O e6
9.Ne5 Qb6 10.d5 Bc5 11.dxe6 fxe6 12.Nc4 bxc4 13.Na4 Qa7 14.Bxb7 Bxf2+ 15.Rxf2 Qxb7
16.Nc5 Qd5 17.Qxd5 exd5 18.Bh6 gxh6 19.Rxf6 Nd7 20.Re6+ Kd8 21.Nxa6 Nb6 22.Nb4 Kd7
23.Rxh6 Rae8 24.a4 Re6 25.Rh5 c6 26.a5 Na8 27.b3 cxb3 28.cxb3 Nc7 29.Nd3 Kd6
30.b4 Na6 31.b5 Nc7 32.Nf4 Rf6 33.bxc6 Ra8 34.Rxh7 Ne6 35.Nxe6 Rxe6 36.Rc1 Re2
37.a6  1-0

[Event "Summer Open"]
[Site "Alushta UKR"]
[Date "2005.07.02"]
[Round "1"]
[White "Tjurin,A"]
[Black "Rakov,A"]
[Result "1-0"]
[WhiteElo "2341"]
[BlackElo "2080"]

1.e4 d5 2.exd5 Qxd5 3.Nc3 Qd8 4.Bc4 Nf6 5.Nf3 Bf5 6.Ne5 e6 7.Qe2 Nbd7 8.d4 Nb6
9.Bb3 Bb4 10.Qb5+ c6 11.Qxb4 a5 12.Qc5 Nfd7 13.Nxd7 Nxd7 14.Qd6 g5 15.O-O Qf6
16.d5 exd5 17.Re1+ Be6 18.Bxd5 O-O-O 19.Bxe6 fxe6 20.Ne4 Qg6 21.Bxg5 Rhg8
22.g3 Rde8 23.Rad1 Rg7 24.Bf4  1-0

[Event "Open"]
[Site "Barbera del Valles ESP"]
[Date "2005.07.06"]
[Round "3"]
[White "Janev,E"]
[Black "Asensio Linan,T"]
[Result "1-0"]
[WhiteElo "2460"]
[BlackElo "2228"]

1.e4 d5 2.exd5 Qxd5 3.Nc3 Qd8 4.d4 Nf6 5.Nf3 c6 6.Be2 Bf5 7.O-O e6 8.Re1 Be7
9.h3 Qc7 10.Bf1 Nbd7 11.g3 O-O 12.Nh4 Rfe8 13.Bg2 Rad8 14.Nxf5 exf5 15.Qf3 g6
16.Bf4 Bd6 17.Bg5 Qb6 18.Qd3 Rb8 19.b3 Qa5 20.Bd2 Qc7 21.a4 h5 22.d5 Ne5
23.Qd4 a6 24.dxc6 bxc6 25.Bg5 Rb4 26.Qd2 Re6 27.Rad1 Ne4 28.Nxe4 Rxe4 29.Rxe4 fxe4
30.Bxe4 Nd7 31.Bg2 Nf6 32.Qd4 Be7 33.Bf4 Qa5 34.Qd2 Qf5 35.Re1 Nd5 36.Rxe6 fxe6
37.Bh6 g5 38.c4 Kh7 39.cxd5 cxd5 40.Bxg5 Bxg5 41.Qe2 Bf6 42.Qxa6 h4 43.Bf1 Kh6
44.g4 Qe4 45.Qd6 d4 46.a5 Kg5 47.a6 Be5 48.Qf8 d3 49.Qd8+ Bf6 50.Qg8+ Kf4
51.Qf8 Kg5 52.a7 d2 53.a8=Q Qxa8 54.Qxa8 d1=Q 55.Qg8+ Kf4 56.Qxe6  1-0

[Event "Skanska"]
[Site "Brno CZE"]
[Date "2005.07.06"]
[Round "7"]
[White "Laznicka,V"]
[Black "Popchev,M"]
[Result "1/2-1/2"]
[WhiteElo "2480"]
[BlackElo "2460"]

1.e4 d5 2.exd5 Qxd5 3.Nc3 Qd8 4.d4 Nf6 5.Nf3 Bf5 6.Bc4 e6 7.Qe2 Be7 8.Be3 Nbd7
9.O-O-O Nb6 10.Bb3 Nfd5 11.Bd2 Nxc3 12.Bxc3 c6 13.Ne5 h5 14.h3 Nd5 15.Bd2 h4
16.g4 hxg3 17.fxg3 f6 18.g4 Bh7 19.Nd3 Qd7 20.Nf4 Nxf4 21.Bxf4 Bg8 22.Rd3 Bd6
23.Bxd6 Qxd6 24.Re1 Kd7 25.Re3 Kc7 26.Bxe6 Rd8 27.Bxg8 Rhxg8 28.c3 Rd7 29.h4 Rh8
30.Qf2 Qd5 31.a3 Kb6 32.Kb1 Qc4 33.g5 fxg5 34.hxg5 Rd5 35.Re5 Rh3 36.Rxd5 Qxd5
37.Re5 Qc4 38.d5+ c5 39.Re6+ Ka5 40.Re1 Qxd5 41.g6  1/2-1/2

[Event "34th TCh-GRE"]
[Site "Ermioni Argolidas GRE"]
[Date "2005.07.06"]
[Round "3"]
[White "Hadzidakis,M"]
[Black "Tzermiadianos,And"]
[Result "0-1"]
[WhiteElo "2271"]
[BlackElo "2447"]

1.e4 d5 2.exd5 Qxd5 3.Nc3 Qd6 4.d4 Nf6 5.g3 Bg4 6.Qd3 Nc6 7.Bf4 Qxd4 8.Bxc7 e5
9.f3 Be6 10.f4 Nd5 11.f5 Qxd3 12.Bxd3 Nxc3 13.fxe6 Nd5 14.exf7+ Ke7 15.Bxe5 Nxe5
16.Be4 Nf6 17.Bg2 Rd8 18.Nh3 Kxf7 19.O-O Bc5+ 20.Kh1 Rhe8 21.Bxb7 Rd2 22.Rad1 Red8
23.Rxd2 Rxd2 24.Ng5+ Ke7 25.Re1 Kd6 26.h3 Rxc2 27.Rd1+ Kc7 28.Bg2 Rxb2 29.Ne6+ Kb6
30.Nxg7 Nc4 31.Rf1 Bf2 32.Rc1 Ne3 33.Rc6+ Kb5 34.Rxf6 Nxg2 35.Rf5+ Ka6 36.Rf6+ Bb6
37.Nf5 Ne1 38.Nd6 Nd3 39.Ne4 Rxa2 40.Rd6 Ne5 41.Ng5 h5 42.Rh6 Kb5 43.Rxh5 Kc4
44.Rh4+ Kd3 45.Rf4 a5 46.Rf5 Re2 47.Nf3 Nxf3 48.Rxf3+ Be3 49.Rf5 a4 50.Ra5 Ra2
51.Ra8 Ke4 52.Re8+ Kf3 53.Rf8+ Kxg3 54.Rg8+ Kf3  0-1

[Event "ch-NOR"]
[Site "Sandnes NOR"]
[Date "2005.07.06"]
[Round "5"]
[White "Djurhuus,R"]
[Black "Gausel,E"]
[Result "1-0"]
[WhiteElo "2461"]
[BlackElo "2522"]

1.e4 d5 2.exd5 Qxd5 3.Nc3 Qd6 4.Bc4 Nf6 5.d4 a6 6.Be2 Nc6 7.Be3 Bf5 8.Nf3 O-O-O
9.O-O e5 10.dxe5 Nxe5 11.Qxd6 Nxf3+ 12.Bxf3 Bxd6 13.Rac1 Be5 14.Ne2 Bg4 15.c3 Bxf3
16.gxf3 Nd5 17.Rcd1 Rhe8 18.Bg5 Bf6 19.Bxf6 Nxf6 20.Rxd8+ Rxd8 21.Nd4 Re8
22.Kg2 g6 23.f4 Nd5 24.Kf3 f5 25.Rd1 Nf6 26.h3 Rd8 27.Re1 Ne4 28.Kg2 c5 29.Nf3 h6
30.Re2 Rd6 31.Ne5 Rf6 32.f3 Nd6 33.h4 Re6 34.Kf1 Ne8 35.Rg2 Ng7 36.Kf2 Nh5
37.Ke3 b5 38.Rxg6 Rxg6 39.Nxg6 Kd7 40.b4 c4 41.Ne5+ Kd6 42.a4 Nf6 43.axb5 axb5
44.Nf7+ Ke6 45.Nxh6 Nd5+ 46.Kd4 Nxf4 47.Kc5 Ne2 48.Kxb5 Kd5 49.Nxf5 Nxc3+
50.Ka5 Nd1 51.h5 c3 52.Ng3 c2 53.Ne2 Ke5 54.b5 Nc3 55.Nc1 Nd5 56.b6  1-0

[Event "Open"]
[Site "Barbera del Valles ESP"]
[Date "2005.07.07"]
[Round "4"]
[White "Petersen,Stee1"]
[Black "Valero Perez,F"]
[Result "1/2-1/2"]
[WhiteElo "2136"]
[BlackElo "2248"]

1.e4 d5 2.exd5 Qxd5 3.Nc3 Qd6 4.d4 Nf6 5.Nf3 Bg4 6.Be2 e6 7.h3 Bh5 8.g4 Bg6
9.Ne5 Nd5 10.Nxd5 Qxd5 11.Bf3 Be4 12.c4 Bxf3 13.Qxf3 Qxf3 14.Nxf3 Bb4+ 15.Bd2 Bxd2+  1/2-1/2

[Event "34th TCh-GRE"]
[Site "Ermioni Argolidas GRE"]
[Date "2005.07.07"]
[Round "4"]
[White "Darmarakis,M"]
[Black "Tzermiadianos,And"]
[Result "0-1"]
[WhiteElo "2174"]
[BlackElo "2447"]

1.e4 d5 2.exd5 Qxd5 3.Nc3 Qd6 4.d4 Nf6 5.Nf3 a6 6.Bg5 Bg4 7.Be2 e6 8.h3 Bh5
9.Qd2 Nc6 10.Bf4 Qd7 11.g4 Bg6 12.Ne5 Nxe5 13.Bxe5 O-O-O 14.O-O-O Bb4 15.Bxf6 gxf6
16.Qe3 Kb8 17.Bf3 h5 18.gxh5 Bxh5 19.Bxh5 Rxh5 20.Ne4 Be7 21.Ng3 Rh4 22.d5 exd5
23.Nf5 Qxf5 24.Qxe7 Rd7 25.Qf8+ Ka7 26.Rhg1 Rc4 27.Rd2 Qxh3 28.Rgd1 Qe6 29.Rd3 Qc6
30.R1d2 Qc5 31.Qxc5+ Rxc5 32.Rd4 Rd6 33.R2d3 Kb6 34.Kd2 Kc6 35.Kc1 Rc4 36.Rxc4+ dxc4
37.Rh3 Rd4 38.Rf3 Rd6 39.Rh3 Kd7 40.Re3 Rd5 41.a3 Rf5 42.Re2 Rf3 43.Kd1 a5
44.a4 c6 45.Rd2+ Kc7 46.Ke2 Rf5 47.Rd4 b5 48.f4 Rh5 49.Ke3 Rh2 50.Rd2 Rxd2
51.Kxd2 Kd6 52.Ke3 c3 53.b3 bxa4 54.bxa4 Kc5 55.Ke4 Kb4 56.Kd4 f5 57.Kd3 c5  0-1

[Event "Skanska"]
[Site "Brno CZE"]
[Date "2005.07.08"]
[Round "9"]
[White "Garbisu de Goni,U"]
[Black "Popchev,M"]
[Result "1/2-1/2"]
[WhiteElo "2455"]
[BlackElo "2460"]

1.e4 d5 2.exd5 Qxd5 3.Nc3 Qd8 4.d4 Nf6 5.Nf3 Nbd7 6.Bg5 Nb6 7.Ne5 c6 8.Bd3 Be6
9.Ne2 Nfd5 10.Bd2 Nc7 11.O-O g6 12.c3 Bg7 13.Bf4 O-O 14.Re1 Ncd5  1/2-1/2

[Event "XVI Vidmar Mem"]
[Site "Portoroz SLO"]
[Date "2005.07.09"]
[Round "1"]
[White "Pavasovic,D"]
[Black "Djukic,Ni"]
[Result "0-1"]
[WhiteElo "2566"]
[BlackElo "2521"]

1.e4 d5 2.exd5 Qxd5 3.Nc3 Qd8 4.d4 Nf6 5.Bg5 h6 6.Bh4 c6 7.Bc4 Bf5 8.Nf3 e6
9.Ne5 Nbd7 10.Qe2 Nxe5 11.dxe5 Qd4 12.Bg3 Nd5 13.Bxd5 exd5 14.O-O h5 15.h3 h4
16.Bh2 Be7 17.Nd1 Qe4 18.Qxe4 Bxe4 19.c3 O-O-O 20.Re1 Bf5 21.Ne3 Be6 22.Rad1 c5
23.b3 Rd7 24.f4 g6 25.Kf1 Rhd8 26.Ng4 d4 27.c4 b5 28.cxb5 Rb7 29.Nf2 Rxb5
30.Ne4 a5 31.f5 gxf5 32.Nd6+ Bxd6 33.exd6 Kd7 34.Re5 f6 35.Ree1 a4 36.bxa4 Rb2
37.Rc1 c4 38.Rxe6 Kxe6 39.Rxc4 Kd5 40.Rc7 d3 41.Rc3 Kd4  0-1

[Event "VISUS Open"]
[Site "Prague CZE"]
[Date "2005.07.09"]
[Round "8"]
[White "Kaiser,Ru"]
[Black "Tejkal,J"]
[Result "0-1"]
[WhiteElo "1960"]
[BlackElo "2033"]

1.e4 d5 2.exd5 Qxd5 3.Nc3 Qd8 4.d4 Nf6 5.Bc4 c6 6.Bf4 Bf5 7.Nge2 e6 8.f3 h5
9.Qd2 Nbd7 10.Ng3 Bg6 11.Nge4 Nb6 12.Nxf6+ gxf6 13.Bb3 Bb4 14.a3 Bxc3 15.bxc3 Nd5
16.Be3 h4 17.Bf2 b5 18.O-O Qa5 19.Bxd5 cxd5 20.Qf4 Qxc3 21.Qxf6 Rh7 22.Bxh4 Qc7
23.Rfe1 Kd7 24.Rab1 Kc6 25.Re3 Qe7 26.Re5 Rhh8 27.Re3 Rac8 28.a4 a6 29.axb5+ axb5
30.Reb3 Bxc2 31.Rc3+ Kb6 32.Rxc2  0-1

[Event "16th Open"]
[Site "Ljubljana SLO"]
[Date "2005.07.10"]
[Round "2"]
[White "Kopczynski,M"]
[Black "Nikolov,Sas"]
[Result "1-0"]
[WhiteElo "2147"]
[BlackElo "2400"]

1.e4 d5 2.exd5 Qxd5 3.Nc3 Qd6 4.d4 Nf6 5.Nf3 a6 6.Bg5 Bf5 7.Bd3 Bg6 8.Qe2 Nbd7
9.O-O-O c6 10.Ne5 Nd5 11.Bxg6 Nxe5 12.Qxe5 hxg6 13.Qxd6 exd6 14.Nxd5 cxd5
15.Rd3 Kd7 16.h3 Rh5 17.Bd2 Be7 18.Rf3 f5 19.Re1 Bf6 20.c3 Re8 21.Rxe8 Kxe8
22.Kc2 Rh4 23.Bf4 Kd7 24.Kd3 g5 25.Bg3 Re4 26.Rxf5 Re1 27.Rxd5 Be7 28.c4 Ke6
29.Ra5 Bf6 30.d5+ Kd7 31.Ra4 Rd1+ 32.Kc2 Rd4 33.f3 b5 34.Rxa6 Rxc4+ 35.Kb3 Be7
36.a4 Rc5 37.Ra7+ Kd8 38.a5  1-0

[Event "RUS-USA Match"]
[Site "Ruschess.com INT"]
[Date "2005.07.10"]
[Round "1"]
[White "Khalifman,A"]
[Black "Polgar,Z"]
[Result "1-0"]
[WhiteElo "2653"]
[BlackElo "2577"]

1.e4 d5 2.exd5 Qxd5 3.Nc3 Qd6 4.d4 Nf6 5.Nf3 a6 6.g3 b5 7.Bg2 Bb7 8.O-O e6
9.Bf4 Qd8 10.Ne5 Qc8 11.d5 Bb4 12.dxe6 fxe6 13.Bxb7 Qxb7 14.Bg5 O-O 15.Bxf6 Rxf6
16.Qd4 Be7 17.Qe4 Qxe4 18.Nxe4 Rf8 19.Rfe1 Rd8 20.a4 b4 21.Rad1 Rd5 22.f4 Kf8
23.Ng5 Bxg5 24.fxg5 c5 25.Rxd5 exd5 26.Rf1+ Kg8 27.Rd1 d4 28.c3 bxc3 29.bxc3 Ra7
30.cxd4 Nd7 31.Nc4 cxd4 32.Rxd4 Rc7 33.Kf2 Kf8 34.Ke3 Nc5 35.a5 Nb3 36.Rf4+ Kg8
37.Re4 Nc5 38.Re8+ Kf7 39.Nd6+ Kg6 40.h4 Rc6 41.Nc4 Nd7 42.Kd4 Kh5 43.Re7 Nf8
44.Ne5 Rc1 45.Rf7 Ng6 46.Nxg6 hxg6 47.Ra7 Rg1 48.Rxa6 Rxg3 49.Rd6 Ra3 50.a6 Ra5
51.Kc4 Kxh4 52.Rxg6 Kh5 53.Rd6 Ra1 54.Kb5 Kxg5 55.Rd5+ Kf4 56.Rd4+ Kf5 57.Ra4 Rb1+
58.Kc6 Rb8 59.a7 Ra8 60.Kb7 Rxa7+ 61.Rxa7 g5 62.Kc6 g4 63.Kd5 Kf4 64.Kd4 Kf3
65.Kd3 g3 66.Rf7+ Kg2 67.Ke2 Kg1 68.Kf3 g2 69.Kg3 Kh1 70.Rh7+ Kg1 71.Rh2  1-0

[Event "DMP 1st League"]
[Site "Koszalin POL"]
[Date "2005.07.11"]
[Round "9"]
[White "Stopa,Ja"]
[Black "Szwed,J"]
[Result "1/2-1/2"]
[WhiteElo "2460"]
[BlackElo "2162"]

1.e4 d5 2.exd5 Qxd5 3.Nc3 Qd6 4.Nf3 Nf6 5.g3 Bg4 6.Bg2 Nc6 7.h3 Bh5 8.O-O O-O-O
9.d3 h6 10.g4 Bg6 11.Be3 a6 12.b4 Qxb4 13.Qd2 e6 14.Rab1 Qa5 15.Qe1 Be7 16.Rb3 Nd5
17.Bd2 Qc5 18.Qb1 Qa7 19.Ne2 Bc5 20.Qb2 Rdg8 21.d4 Be7 22.Rc1 Be4 23.c4 Nb6
24.Be3 Na5 25.Rbc3 Na4 26.Qa1 Nxc3 27.Qxc3 Qb6 28.Ne5 Bxg2 29.Kxg2 Rf8 30.Nf4 Qb4  1/2-1/2

[Event "ch-IRL"]
[Site "Dublin IRL"]
[Date "2005.07.12"]
[Round "4"]
[White "Brady,S"]
[Black "McPhillips,K"]
[Result "1-0"]
[WhiteElo "2320"]
[BlackElo "2225"]

1.e4 d5 2.exd5 Qxd5 3.Nc3 Qd6 4.g3 Nf6 5.Bg2 Bg4 6.Nge2 Nc6 7.h3 Bh5 8.d3 e5
9.Be3 O-O-O 10.Qd2 Nd4 11.g4 Bg6 12.f4 Nxe2 13.Nxe2 exf4 14.Nxf4 Qa6 15.Nxg6 hxg6
16.a3 Nd5 17.Bxd5 Rxd5 18.c4 Re5 19.O-O-O Bd6 20.Bd4 Re6 21.Kb1 f6 22.Rhe1 Rhe8
23.Rxe6 Rxe6 24.Re1 Rxe1+ 25.Qxe1 Kd7 26.Qe4 g5 27.Qg6 Bf8 28.Qf7+ Be7 29.Bc5 Qe6
30.Qxg7 b6 31.Bxe7 Qxe7 32.Qxe7+ Kxe7 33.Kc2 c5 34.d4 f5 35.gxf5 cxd4 36.Kd3 Kf6
37.Kxd4 Kxf5 38.b4 Ke6 39.c5 Kd7 40.cxb6 axb6 41.Kd5 Kc7 42.a4 Kb7 43.Ke5  1-0